Normal view
MARC view
- Fernald, Grace M.
Entry Personal Name
001 - CONTROL NUMBER
- control field: 25760
003 - CONTROL NUMBER IDENTIFIER
- control field: NUST
005 - DATE AND TIME OF LATEST TRANSACTION
- control field: 20191118105100.0
008 - FIXED-LENGTH DATA ELEMENTS
- fixed length control field: 191118|| aca||aabn | a|a d
040 ## - CATALOGING SOURCE
- Original cataloging agency: NUST
- Transcribing agency: NUST
100 ## - HEADING--PERSONAL NAME
- Personal name: Fernald, Grace M.
- Fuller form of name: (Grace Maxwell),
- Dates associated with a name: 1879-1950.
670 ## - SOURCE DATA FOUND
- Source citation: Work cat.: (NUST)0: Fernald, Grace M. (Grace Maxwell), 1879-1950., Remedial techniques in basic school subjects,, 1943.
